Nachbarländer Frankreichs - Statistiken

Allgemein
  • Dieses Quiz wurde 203 mal gespielt
    163 seit der letzten Aktualisierung
  • Das Durchschnittsergebnis liegt bei 9 aus 10
Antwortstatistiken
km Land % Korrekt
455 km Deutschland
99%
623 km Spanien
99%
659 km Belgien
96%
73 km Luxemburg
96%
573 km Schweiz
93%
515 km Italien
92%
57 km Andorra
90%
4 km Monaco
85%
649 km Brasilien
65%
510 km Surinam
54%
Keine übereinstimmenden Quizze gefunden
Verteilung der Resultate
Anzahl Personen mit jedem Resultat
Perzentil nach korrekt beantworteten Fragen
Ihre Resultats-Entwicklung
Sie haben dieses Quiz seit der letzten Aktualisierung nicht gespielt